| 000 | 00000nam##2200000za#4500 |
| 001 | 9.605597 |
| 003 | CaOODSP |
| 005 | 20210624212209 |
| 007 | cr ||||||||||| |
| 008 | 150406|2011||||xxc|||||o f|0| 0 fre|d |
| 040 | |aCaOODSP|bfre |
| 043 | |an-cn--- |
| 086 | 1 |aTU3-7/11-0047F-PDF |
| 110 | 2 |aBureau de la sécurité des transports du Canada. |
| 245 | 10|aHeurt - du navire d'approvisionnement Maersk Detector et de l'unité mobile de forage en mer GSF Grand Banks dans les Grands Bancs de Terre-Neuve le 24 novembre 2011 |h[ressource électronique] |
| 260 | |aOttawa - Ontario : |bBureau de la sécurité des transports du Canada |c[2011]. |
| 300 | |a50p.|bfigures, graphiques, tableaux, photographies |
| 490 | 1 |aRapport d'enquête maritime |vM11N0047 |
| 590 | |a13-11-Supp|b2013-04-26 |
| 775 | 08|tStriking - supply vessel Maersk Detector and mobile offshore drilling unit GSF Grand Banks, Grand Banks of Newfoundland 24 November 2011 |w(CaOODSP)9.576381 |
| 830 | #0|aRapport d'enquête maritime ;|vM11N0047|w(CaOODSP)9.501269 |
| 856 | 40|ahttp://publications.gc.ca|qPDF|s2.7 Mo|uhttps://publications.gc.ca/collections/collection_2013/bst-tsb/TU3-7-11-0047-fra.pdf|yM11N0047 |